| 000 | 00902nam a2200277Ia 4500 | ||
|---|---|---|---|
| 003 | OSt | ||
| 005 | 20220918171116.0 | ||
| 006 | a|||||r|||| 00| 0 | ||
| 007 | ta | ||
| 008 | 220917b |||||||| |||| 00| 0 eng d | ||
| 020 |
_a9781138860995 (pbk) _cUKP 26.99 |
||
| 024 | _a348,393 | ||
| 037 |
_b57017, 22/01/2019, Segment Book Distributors _cTextual |
||
| 040 |
_aARTS _cARTS _beng |
||
| 041 |
_2eng _aeng |
||
| 082 | _aS:523, Q9 | ||
| 100 |
_aGreen Suzy Ed. _934138 |
||
| 245 | 0 | _aPositive psychology coaching in practice | |
| 260 |
_aLondon _bRoutledge UK _c2019 |
||
| 300 |
_axiii,214p. _ccm. |
||
| 490 | _aCoaching psychology; Stephen Palmer | ||
| 650 |
_aHAPPINESS; PSYCHOLOGY _934139 |
||
| 700 |
_a Palmer Stephen Ed. _920905 |
||
| 942 |
_hS:523, Q9 _cTEXL _2CC |
||
| 999 |
_c137891 _d137891 |
||